| 000 | 00935nam a2200217Ia 4500 | ||
|---|---|---|---|
| 008 | 0000002002 usa 0000000000eng00 | ||
| 090 | _aPPR00 T72m | ||
| 100 | 1 | _aTrelles, Miguel | |
| 245 | 1 | 0 |
_aMiguel Trelles _b: siglo xxI, delirio líquido = xxI century, liquid delirium _c/ fotografías Alfonso Paredes |
| 300 |
_a21 p. _c/ 26 cm. |
||
| 500 | _aExposición realizada en Galería de Arte Nader, Santo Domingo, Diciembre 527, 2002 \ Con el patronazgo del maestro venezolano Jesús Rafael Soto (q.e.p.d.) | ||
| 600 | 0 | 0 |
_aTRELLES, MIGUEL/ _xTRABAJOS PICTORICOS |
| 650 | 1 | 4 | _aARTE CONTEMPORANEO PUERTORRIQUEÑO |
| 650 | 1 | 4 | _xCATALOGOS |
| 650 | 1 | 4 | _xEXPOSICIONES |
| 650 | 1 | 4 | _aPINTORES PUERTORRIQUEÑOS |
| 650 | 1 | 4 | _aPINTURA PUERTORRIQUEÑA |
| 700 | 1 | _aParedes, Alonso | |
| 999 |
_c1831 _d1831 |
||
| 260 |
_aNew York : Centro Cultural y Educativo Clemente Soto Vélez _c2002 |
||